[Event "Ljubljana-chT 62nd 2nd League"]
[Site "Ljubljana"]
[Date "2009.03.05"]
[Round "8.1"]
[White "Marek, Ivan"]
[Black "Prohaska, Ivo"]
[Result "1-0"]
[WhiteElo "1844"]
[BlackElo "1592"]
[PlyCount "57"]
[EventDate "2009.01.08"]
[EventType "team-tourn"]
[EventRounds "9"]
[EventCountry "SLO"]
[SourceTitle "EXT 2022"]
[Source "ChessBase"]
[SourceDate "2021.10.06"]
[SourceVersion "1"]
[SourceVersionDate "2021.10.06"]
[SourceQuality "1"]
[WhiteTeam "Visnja Gora Sticna II"]
[BlackTeam "Menges Trzin"]
[WhiteTeamCountry "SLO"]
[BlackTeamCountry "SLO"]

1. e4 d6 2. d4 g6 3. Nf3 Bg7 4. Nc3 e6 5. Be3 Ne7 6. Qd2 Nd7 7. Bc4 a6 8. Bb3 c6 9. Bh6 0-0 10. h4 d5 11. h5 Nf6 12. hxg6 dxe4 13. Bxg7 Nf5 14. Bxf6 Qxf6 15. gxh7+ Kh8 16. Nxe4 Qg7 17. Qg5 f6 18. Qxg7+ Nxg7 19. 0-0-0 Bd7 20. Nc5 Rf7 21. Nxb7 Nf5 22. Nc5 Re8 23. Nxa6 Rxh7 24. Nc5 Bc8 25. Rxh7+ Kxh7 26. Re1 Rg8 27. g3 Rg4 28. c3 Kg6 29. Nxe6 1-0

[Event "Ljubljana-chT 62nd 2nd League"]
[Site "Ljubljana"]
[Date "2009.02.19"]
[Round "7.2"]
[White "Mijatovic, Nebojsa"]
[Black "Prohaska, Ivo"]
[Result "1-0"]
[WhiteElo "1640"]
[BlackElo "1592"]
[PlyCount "35"]
[EventDate "2009.01.08"]
[EventType "team-tourn"]
[EventRounds "9"]
[EventCountry "SLO"]
[SourceTitle "EXT 2022"]
[Source "ChessBase"]
[SourceDate "2021.10.06"]
[SourceVersion "1"]
[SourceVersionDate "2021.10.06"]
[SourceQuality "1"]
[WhiteTeam "Barob Smarca"]
[BlackTeam "Menges Trzin"]
[WhiteTeamCountry "SLO"]
[BlackTeamCountry "SLO"]

1. e4 d6 2. d4 g6 3. Nc3 Bg7 4. f3 f6 5. Bd3 e6 6. Be3 Ne7 7. Nge2 Nd7 8. Qd2 0-0 9. h4 f5 10. Bh6 fxe4 11. fxe4 d5 12. Bxg7 Kxg7 13. h5 dxe4 14. hxg6 Nf5 15. Bxe4 Nh4 16. g3 Qf6 17. 0-0-0 Nxg6 18. Qh6+ 1-0

[Event "Ljubljana-chT 62nd 2nd League"]
[Site "Ljubljana"]
[Date "2009.02.05"]
[Round "5.3"]
[White "Prohaska, Ivo"]
[Black "Lazarevic, Djordje"]
[Result "0-1"]
[WhiteElo "1592"]
[BlackElo "1603"]
[PlyCount "21"]
[EventDate "2009.01.08"]
[EventType "team-tourn"]
[EventRounds "9"]
[EventCountry "SLO"]
[SourceTitle "EXT 2022"]
[Source "ChessBase"]
[SourceDate "2021.10.06"]
[SourceVersion "1"]
[SourceVersionDate "2021.10.06"]
[SourceQuality "1"]
[WhiteTeam "Menges Trzin"]
[BlackTeam "Zelenci LPP"]
[WhiteTeamCountry "SLO"]
[BlackTeamCountry "SLO"]

1. d4 Nf6 2. c4 g6 3. Nf3 Bg7 4. Nc3 0-0 5. e4 d6 6. Bd3 Nbd7 7. b4 c5 8. bxc5 dxc5 9. d5 Nxe4 10. Nxe4 Bxa1 11. Bh6 0-1